000
00297nam a22001217a 4500
008
170612b xxu||||| |||| 00| 0 eng d
041
_a
eng
080
_a
94(4)
100
_a
17
101
_a
SHH
245
_a
NATIONAL COMMUNISM AND POPULAR REVOLT IN EASTERN EUROPE
_c
ZINNER,P.E
942
_2
udc
_c
BK
999
_c
16886
_d
16886